[Event "Aracaju op"]
[Site "Aracaju"]
[Date "2024.10.20"]
[Round "5"]
[White "Santos Da Silva, Joao I Pinheiro"]
[Black "Esmeraldo, Augusto Cesar Santo"]
[Result "0-1"]
[WhiteElo "1596"]
[BlackElo "1800"]
[PlyCount "88"]
[EventDate "2024.10.18"]
[EventType "swiss"]
[EventRounds "6"]
[EventCountry "BRA"]
[SourceTitle "CB44_2024"]
[Source "Chessbase"]
[SourceDate "2024.10.30"]
[SourceVersion "1"]
[SourceVersionDate "2024.10.30"]
[SourceQuality "1"]

1. e4 c5 2. Nf3 e6 3. d4 cxd4 4. Nxd4 Nc6 5. Nc3 a6 6. Be3 Nf6 7. f3 Bb4 8. a3 Ba5 9. Qd2 d5 10. Bd3 dxe4 11. fxe4 Nxd4 12. Bxd4 0-0 13. Bxf6 Qxf6 14. 0-0-0 Bxc3 15. Qxc3 Qxc3 16. bxc3 b5 17. e5 Bb7 18. Rhg1 Rfc8 19. Kb2 Rc5 20. Rde1 Rac8 21. Re3 Kf8 22. g3 Rxc3 23. Rge1 a5 24. Be4 Rxe3 25. Rxe3 Bd5 26. Bxd5 exd5 27. e6 Ke7 28. exf7+ Kxf7 29. Rb3 Rc5 30. Rc3 Rxc3 31. Kxc3 Ke6 32. Kd4 Kd6 33. c3 h5 34. h3 g5 35. g4 h4 36. Ke3 Ke5 37. Kd3 Kf4 38. Kd4 Kg3 39. Ke3 Kxh3 40. Kf3 a4 41. Kf2 Kxg4 42. Kg2 h3+ 43. Kg1 Kf3 44. Kh1 g4 0-1

[Event "Aracaju op"]
[Site "Aracaju"]
[Date "2024.10.19"]
[Round "3"]
[White "Pereira, Igor Marcelo Souza"]
[Black "Esmeraldo, Augusto Cesar Santo"]
[Result "0-1"]
[WhiteElo "1642"]
[BlackElo "1800"]
[PlyCount "100"]
[EventDate "2024.10.18"]
[EventType "swiss"]
[EventRounds "6"]
[EventCountry "BRA"]
[SourceTitle "CB44_2024"]
[Source "Chessbase"]
[SourceDate "2024.10.30"]
[SourceVersion "1"]
[SourceVersionDate "2024.10.30"]
[SourceQuality "1"]

1. e4 c5 2. Nf3 e6 3. d4 cxd4 4. Nxd4 a6 5. Nc3 Nc6 6. Be3 Bb4 7. Qd2 Nf6 8. f3 Qc7 9. 0-0-0 Ne5 10. Nde2 Nc4 11. Qd3 Nxe3 12. Qxe3 0-0 13. g4 Bd6 14. g5 Nh5 15. Kb1 b5 16. Qd2 Bb4 17. f4 Bxc3 18. Nxc3 Qxf4 19. Qxf4 Nxf4 20. h4 b4 21. Na4 d5 22. Nb6 Ra7 23. exd5 Nxd5 24. Nxd5 exd5 25. Bg2 Be6 26. Bxd5 Rd7 27. Bxe6 Rxd1+ 28. Rxd1 fxe6 29. b3 Rf4 30. Rd6 Kf7 31. Rxa6 Rxh4 32. Ra4 Kg6 33. c4 Kxg5 34. c5 Kf6 35. a3 Rh1+ 36. Ka2 bxa3 37. Kxa3 Ke5 38. Rc4 Rd1 39. c6 Rd8 40. b4 Ra8+ 41. Kb3 Kd6 42. b5 Kc7 43. Kb4 Kb6 44. Rd4 Ra5 45. Rc4 Rxb5+ 46. Ka4 Ra5+ 47. Kb4 Ra8 48. c7 Rc8 49. Re4 Rxc7 50. Rxe6+ Kb7 0-1